It looks like you're offline.
Open Library logo
additional options menu

MARC Record from Scriblio

Record ID marc_records_scriblio_net/part08.dat:144052395:727
Source Scriblio
Download Link /show-records/marc_records_scriblio_net/part08.dat:144052395:727?format=raw

LEADER: 00727pam 2200229 i 4500
001 75041069
003 DLC
005 19761006000000.0
008 760506r19761942nyuaf b 00110beng
010 $a 75041069
020 $a0404147461
043 $an-us-ct
050 0 $aLD6330 1795$b.C8 1976
082 $a370/.92/4$aB
100 10 $aCuningham, Charles E.
245 10 $aTimothy Dwight, 1752-1817 :$ba biography /$cby Charles E. Cuningham.
260 0 $aNew York :$bAMS Press,$c1976.
300 $aviii, 403 p., [7] leaves of plates :$bill. ;$c23 cm.
500 $aReprint of the 1942 ed. published by Macmillan, New York.
504 $aBibliography: p. 353-362.
500 $aIncludes index.
600 10 $aDwight, Timothy,$d1752-1817.